Statistics for Longest Element Names A-Z

Click here to take the quiz!

General Stats

  • This quiz has been taken 71 times
    (50 since last reset)
  • The average score is 7 of 26

Answer Stats

Element % Correct
Beryllium
52%
RRutherfordium
52%
EEinsteinium
45%
PPraseodymium
42%
CCalifornium
42%
ZZirconium
39%
DDarmstadtium
35%
XXenon.
32%
HHydrogen
32%
GGadolinium
32%
OOganesson
26%
VVanadium
26%
YYtterbium
26%
AAmericium
23%
BBerkelium
23%
FFlerovium
23%
KKrypton
19%
LLivermorium
19%
MMendelevium
16%
IIridium
16%
TTennessine
13%
NNeodymium
13%
Neptunium
13%
SSeaborgium
10%
UUnunseptium
3%
Ununpentium
3%

Score Distribution

Percentile by Number Answered

Percent of People with Each Score

Your Score History

You have not taken this quiz since the last reset